भारत रत्न / (Record no. 117623)

MARC details
000 -LEADER
fixed length control field 00983nam a22002537a 4500
005 - DATE AND TIME OF LATEST TRANSACTION
control field 20170124103058.0
010 ## - LIBRARY OF CONGRESS CONTROL NUMBER
LC control number B-150892
020 ## - INTERNATIONAL STANDARD BOOK NUMBER
Terms of availability 400.00
International Standard Book Number 8177830910
035 ## - SYSTEM CONTROL NUMBER
System control number B-150892
037 ## - SOURCE OF ACQUISITION
Source of stock number/acquisition Cen Lib/Ret
040 ## - CATALOGING SOURCE
Original cataloging agency DPL
Language of cataloging EN
082 ## - DEWEY DECIMAL CLASSIFICATION NUMBER
Classification number 920
Item number सक्सेना
100 ## - MAIN ENTRY--PERSONAL NAME
Personal name सक्सेना, बलबीर
9 (RLIN) 75823
245 ## - TITLE STATEMENT
Title भारत रत्न /
Statement of responsibility, etc बलबीर सक्सेना
246 ## - VARYING FORM OF TITLE
Title proper/short title Bharat-Ratan /
Remainder of title by Balbir Saxena
260 ## - PUBLICATION, DISTRIBUTION, ETC. (IMPRINT)
Place of publication, distribution, etc नई दिल्ली
Name of publisher, distributor, etc प्रवीण प्रकाशन
Date of publication, distribution, etc 2005
270 ## - ADDRESS
City नई दिल्ली
Address 1/1079 ई, महरौली
Postal code 110030
300 ## - PHYSICAL DESCRIPTION
Extent 410पृ.
Dimensions 20सेमी (सजिल्द)
650 ## - SUBJECT ADDED ENTRY--TOPICAL TERM
Topical term or geographic name as entry element हिंदी साहित्य
9 (RLIN) 75824
650 ## - SUBJECT ADDED ENTRY--TOPICAL TERM
Topical term or geographic name as entry element भारत रत्न--जीवनी
9 (RLIN) 6720
650 ## - SUBJECT ADDED ENTRY--TOPICAL TERM
Topical term or geographic name as entry element Hindi literature
9 (RLIN) 75825
650 ## - SUBJECT ADDED ENTRY--TOPICAL TERM
Topical term or geographic name as entry element Bharat Ratna - Biography
9 (RLIN) 75826
942 ## - ADDED ENTRY ELEMENTS (KOHA)
Source of classification or shelving scheme Dewey Decimal Classification
Koha item type Hindi Books
Classification part 920
Call number suffix सक्सेना
Holdings
Withdrawn status Lost status Damaged status Not for loan Home library Current library Date acquired Source of acquisition Cost, normal purchase price Total Checkouts Full call number Barcode Date last seen Copy number Cost, replacement price Price effective from Koha item type
        Central Library Central Library 07/09/2015 Cen Lib/Ret 400.00   920 सक्सेना B-150892 07/09/2015 1 400.00 07/09/2015 Hindi Books

© Delhi Public Library
Hit Counter
free hit counter